00924nam a2200217 a 450000100100000000500170001000800410002702000150006804000250008308200200010810000470012824500600017526000480023530000210028359000660030465000340037065000480040495201180045295201190057099900170068900002113120200930011237.0100831s19uu cu r 000 f spa d a847119032X aDO-SdBNPbspacBNPHU aPR863.44bR696c1 aRodríguez Torres, Carmelo,d1941-94418410aLa casa y la llama fiera /cCarmelo Rodríguez Torres. aLa Habana :bEdiciones Partenón,c[198?]. a153 p. ;c18 cm. aLa biblioteca posee un ejemplar autobiografiado por el autor. 4aNovela puertorriqueña91185 4aLiteratura puertorriqueñaySIGLO XX95311 001050718MOaGRbGRcHDd2010-08-31iLF1l0oPR863.44 R696cp21131-10r2020-06-25w2020-06-25y1ZNo se presta 0010507-18MOaPDbPDcOId2017-05-25iLF1l0oPR863.44 R696cp21131-20r2020-06-25w2020-06-25y1ZNo se presta c20633d20633